000
00262nam a2200097Ia 4500
008
201210s9999 xx 000 0 und d
100
_a
Basu, Durga Das
245
0
_a
Introduction to the constitution of India
260
_a
New Delhi
_b
Prentice Hall
_c
1982
942
_c
BK
999
_c
5225
_d
5225